000 00642nam a2200181 i 4500
001 85345
003 ES-MaACL
005 20230906175227.0
007 t|
008 041126s1978 sp ||||1| spa d
100 1 _aJover Moyano, Amador.
_967065
245 1 0 _aNuevos horizontes en patología morfológica
_b: discurso de recepción /
_cAmador Jover Moyano ; contesta Mauricio Domínguez-Adame Romero.
260 _aSevilla :
_bReal Academia de Medicina,
_c1978.
300 _a63 p., 4 lám. ;
_c24 cm.
700 1 _aDomínguez-Adame Romero, Mauricio.
_945183
852 _aES-MaACL
_jA-9772
_bR.99242
852 _aES-MaACL
_jA-9929
_bR.98959
999 _c85345
_d85345